000
00312nam a22001337a 4500
999
_c
532715
_d
532715
003
NUST
038
_a
M.Ramzan
082
_a
954.91
_b
ARM
100
_a
Amstrong, Karen.
_9
26300
245
_a
A letter to Pakistan /
260
_a
Karachi:
_b
Oxford University Press,
_c
2011.
300
_a
95 p, :
942
_2
ddc
_c
BK